Famous People who were murdered #4 - Statistics

General Stats
  • This quiz has been taken 46 times
  • The average score is 4 of 16
Answer Stats
Picture Answer % Correct
Malcolm X
100%
Grigorij Rasputin
93%
Lee Harvey Oswald
70%
James Garfield
53%
XXXTentacion
40%
Selena Quintanilla
23%
Rajiv Gandhi
20%
Gianni Versace
10%
Pim Fortuyn
10%
Kim Wall
5%
Aleksandr Litvinenko
3%
Aung San
3%
Luis Donaldo Colosio
3%
Mickey Thompson
3%
Rafic Hariri
3%
Marie Trintignant
0%
No matching quizzes found
Score Distribution
Percent of People with Each Score
Percentile by Number Answered
Your Score History
You have not taken this quiz